| 000 | 01257cam a22002651i 4500 | ||
|---|---|---|---|
| 003 | SA-RiAUC | ||
| 005 | 20250112063919.0 | ||
| 008 | 250111s2015____su f f000 0 ara c | ||
| 020 | _a9786039052388 | ||
| 040 |
_aSA-RiIMS _bara _cSA-RiAUC _erda |
||
| 043 | _aa-su--- | ||
| 082 | 0 | 4 |
_a340.531 _qSA-RiAUC |
| 090 |
_a340.531 _bس ل م |
||
| 100 | 1 |
_aالسلمي، إبراهيم عطية الله هلال _eمؤلف. |
|
| 245 | 1 | 2 |
_aالمراسيم والأوامر الملكية في رعاية مكة المكرمة والمشاعر المقدسة في العهد السعودي (1343 هـ-1436 هـ / 1922 م-2015 م) / _cإبراهيم بن عطية الله السلمي. |
| 264 | 1 |
_aمكة المكرمة : _bجامعة أم القرى، كرسي الملك سلمان لدراسات تاريخ مكة المكرمة، _c2015 |
|
| 300 |
_a203 صفحة ؛ _c24 سم |
||
| 336 |
_aنص _btxt _2rdacontent _3كتاب |
||
| 337 |
_aبدون وسيط _bn _2rdamedia |
||
| 338 |
_aمجلد _bnc _2rdacarrier |
||
| 650 | 7 |
_aالقانون _zالسعودية _xتاريخ _yقرون 14-15 هجري _2aucsh |
|
| 650 | 7 |
_aالدساتير _zالسعودية _yقرون 14-15 هجري _2aucsh |
|
| 942 |
_2ddc _cBOOK _n0 |
||
| 949 |
_aSA-JeALM _d250111 _uosman123 _n1 |
||
| 999 |
_c4605 _d4605 |
||